<?xml version="1.0" encoding="UTF-8"?>
<record
    xmlns:xsi="http://www.w3.org/2001/XMLSchema-instance"
    xsi:schemaLocation="http://www.loc.gov/MARC21/slim http://www.loc.gov/standards/marcxml/schema/MARC21slim.xsd"
    xmlns="http://www.loc.gov/MARC21/slim">

  <leader>00352nam a22001337a 4500</leader>
  <controlfield tag="003">1</controlfield>
  <controlfield tag="005">20241212115328.0</controlfield>
  <controlfield tag="008">241212b        xxu||||| |||| 00| 0 eng d</controlfield>
  <datafield tag="022" ind1=" " ind2=" ">
    <subfield code="2">9781338763171</subfield>
  </datafield>
  <datafield tag="100" ind1=" " ind2=" ">
    <subfield code="a">Hena Khan</subfield>
  </datafield>
  <datafield tag="245" ind1=" " ind2=" ">
    <subfield code="a">On point:</subfield>
    <subfield code="b">Zayd Saleem, chasing the dream/</subfield>
    <subfield code="c">Khan, Hena</subfield>
  </datafield>
  <datafield tag="260" ind1=" " ind2=" ">
    <subfield code="a">U.S.A:</subfield>
    <subfield code="b">Scholastic,Inc.;</subfield>
    <subfield code="c">2018.</subfield>
  </datafield>
  <datafield tag="942" ind1=" " ind2=" ">
    <subfield code="2">ddc</subfield>
    <subfield code="c">BK</subfield>
  </datafield>
  <datafield tag="999" ind1=" " ind2=" ">
    <subfield code="c">366814</subfield>
    <subfield code="d">366814</subfield>
  </datafield>
  <datafield tag="952" ind1=" " ind2=" ">
    <subfield code="0">0</subfield>
    <subfield code="1">0</subfield>
    <subfield code="2">ddc</subfield>
    <subfield code="4">0</subfield>
    <subfield code="a">EL</subfield>
    <subfield code="b">EL</subfield>
    <subfield code="c">FIC</subfield>
    <subfield code="d">2024-12-12</subfield>
    <subfield code="e">Library Fund</subfield>
    <subfield code="l">0</subfield>
    <subfield code="o">FIC Kha45 2018</subfield>
    <subfield code="p">E12663</subfield>
    <subfield code="r">2024-12-12 00:00:00</subfield>
    <subfield code="w">2024-12-12</subfield>
    <subfield code="y">BK</subfield>
  </datafield>
</record>
